000 00326nam a2200133Ia 4500
008 190216s9999||||xx |||||||||||||| ||und||
100 _aRolland Omnes
245 0 _aUnderstanding Quantum Mechanics
250 _a1st Ed.
260 _bPrentice Hall Of India Pvt Ltd
_c2001
300 _a307
650 _aChemistry
942 _cBK
999 _c2973
_d2973